Happenings : (Record no. 6626)
[ view plain ]
| 000 -LEADER | |
|---|---|
| fixed length control field | 01269nam a2200349I 4500 |
| 001 - CONTROL NUMBER | |
| JCCL Control Number | 6626 |
| 003 - CONTROL NUMBER IDENTIFIER | |
| JCCL marc code | MCM |
| 005 - DATE AND TIME OF LATEST TRANSACTION | |
| control field | 20180210172858.0 |
| 008 - FIXED-LENGTH DATA ELEMENTS--GENERAL INFORMATION | |
| fixed length control field | 890902s1989 fr ac bc 000 0 fre d |
| 035 ## - SYSTEM CONTROL NUMBER | |
| system control number | MITb10407410 |
| 035 ## - SYSTEM CONTROL NUMBER | |
| system control number | (OCoLC)20297577 |
| 035 ## - SYSTEM CONTROL NUMBER | |
| system control number | GLIS00407410 |
| 035 ## - SYSTEM CONTROL NUMBER | |
| system control number | (OCoLC)21059420 |
| 040 ## - CATALOGING SOURCE | |
| Original cataloging agency | JJE |
| Transcribing agency | JJE |
| Modifying agency | PIT |
| -- | MYG |
| 041 ## - LANGUAGE CODE | |
| Language code of Book | eng |
| 082 ## - DEWEY DECIMAL CLASSIFICATION NUMBER | |
| Classification number | 821.9108 |
| Author mark and Year | HAP 1989 |
| 090 ## - LOCALLY ASSIGNED LC-TYPE CALL NUMBER (OCLC); LOCAL CALL NUMBER (OCLC) | |
| Classification number (OCLC) (R) ; Classification number, CALL (RLIN) (NR) | N6494.F55 |
| Local cutter number (OCLC) ; Book number/undivided call number, CALL (RLIN) | D74 1989 |
| 099 ## - LOCAL FREE-TEXT CALL NUMBER | |
| Classification number | N6494.F55.D74 1989 |
| 245 10 - TITLE STATEMENT | |
| Title | Happenings : |
| Remainder of title | new poems for junior schools / |
| Statement of responsibility, etc | Edited by Maurice Wollaman and David Grugeon |
| 260 ## - PUBLICATION, DISTRIBUTION, ETC. (IMPRINT) | |
| Place of publication, distribution, etc | Paris : |
| Name of publisher, distributor, etc | Galerie 1900-2000, |
| Date of publication, distribution, etc | 1989. |
| 300 ## - PHYSICAL DESCRIPTION | |
| Pagination | 94 p. : |
| Other physical details | ill. (some col.), ports. ; |
| Dimensions | 18cm. |
| 500 ## - GENERAL NOTE | |
| General note | "Diagram of historical development of Fluxus and other 4 dimentional [sic], aural, optic, olfactory, epithelial and tactile art forms, (incomplete) by George Maciunas" -- Inside front cover. |
| 504 ## - BIBLIOGRAPHY, ETC. NOTE | |
| Bibliography, etc | Bibliography: 210-211. |
| 650 #0 - SUBJECT ADDED ENTRY--TOPICAL TERM | |
| Topical term or geographic name as entry element | Childrens Poetry |
| Form subdivision | Exhibitions. |
| 650 #0 - SUBJECT ADDED ENTRY--TOPICAL TERM | |
| Topical term or geographic name as entry element | Happenings (Art) |
| Form subdivision | Exhibitions. |
| 650 #0 - SUBJECT ADDED ENTRY--TOPICAL TERM | |
| Topical term or geographic name as entry element | Avant-garde (Aesthetics) |
| General subdivision | History |
| Chronological subdivision | 20th century |
| Form subdivision | Exhibitions. |
| 700 ## - ADDED ENTRY--PERSONAL NAME | |
| Personal name | Grugeon, David |
| 700 ## - ADDED ENTRY--PERSONAL NAME | |
| Personal name | Wollman, Maurice |
| 942 ## - ADDED ENTRY ELEMENTS (KOHA) | |
| Source of classification or shelving scheme | Dewey Decimal Classification |
| Koha item type | Books |
| 949 ## - LOCAL PROCESSING INFORMATION (OCLC) | |
| a | MYGR |
| b | 39080006942889 |
| Source of classification or shelving scheme | Damaged status | Not for loan | Home library | Current library | Shelving location | Total Checkouts | Full call number | Barcode | Date last seen | Copy number | Koha item type |
|---|---|---|---|---|---|---|---|---|---|---|---|
| Dewey Decimal Classification | JCC Rouf Library | JCC Rouf Library | General Stacks | 821.9108 HAP 1989 | 9093 | 01/27/2018 | C - 1 | Books |